000 01107nam a22002537a 4500
999 _c80506
_d317783
003 OSt
005 20220629095842.0
008 220629b2017 su ||||g |||| 00| 0 ara d
020 _a9786039086048
040 _aMa-Un
_cMa-Un
082 _221
_a923.1531
_bج ح د
100 _aالجاسر، حمد.
_966968
245 _aدراسات وبحوث في تاريخ الملك عبد العزيز /
_cحمد الجاسر ؛ عناية عبد الرحمن الشبيلي.
250 _aط. 1.
260 _aالرياض :
_bمركز حمد الجاسر الثقافي،
_c2017
_m1438
300 _a595 ص. ؛
_c24 سم.
490 _aإصدارات مركز حمد الجاسر الثقافي.
_v (37).
504 _aيشتمل على قائمة ببليوجرافية.
600 _aال سعود، عبد العزيز بن عبد الرحمن بن فيصل.
_d1293-1373 هـ
_992789
650 _aتاريخ حديث.
_zالسعودية.
_992792
650 _aملوك وحكام.
_zالسعودية.
_992793
700 _a الشبيلي، عبد الرحمن.
_e عناية.
_992794
942 _2ddc
_cBOOK